| 000 | 00915nam a2200229Ii 4500 | ||
|---|---|---|---|
| 003 | JO-AjNU | ||
| 008 | 230605s9999||||xx |||||||||||||| ||und|| | ||
| 017 | _a2007/08/2445 | ||
| 020 | _a978-9957-07-538-5 | ||
| 040 |
_aJO-AjNU _bara _erda _cJO-AjNU |
||
| 041 | _aara | ||
| 050 | 1 | 4 | _aHQ772 . S3212 2011 |
| 100 | 3 |
_aتأليف شيفر، شارلز / م.مشارك: هوارد ميلمان ؛ ترجمة: نسيمة داود، نزية حمدي, _eauthor _942823 |
|
| 245 | 0 | 0 | _aمشكلات الاطفال والمراهقين واساليب المساعدة فيها = How to help children with common problems |
| 250 | _aط2 | ||
| 264 | 3 | 1 | _aعمان: دار الفكر ناشرون وموزعون، 2011 |
| 300 | _a568ص | ||
| 336 |
_atext _btxt _2rdacontent |
||
| 337 |
_aunmediated _bn _2rdamedia |
||
| 338 |
_avolume _bnc _2rdacarrier |
||
| 650 | 4 |
_aالاطفال - احوال اجتماعية _942824 |
|
| 999 |
_aA18365 _c21933 _d21933 |
||